Problemas de Flujo De Fluido
| Main Author: | |
|---|---|
| Format: | Section = Libro |
| Language: | Undetermined Spanish |
| Published: |
México
Limusa
2000
|
| Edition: | 2a.ed |
| Subjects: |
| LEADER | 00634nam a2200241Ia 4500 | ||
|---|---|---|---|
| 008 | 240830s9999 xx 000 0 und d | ||
| 020 | |a 968-18-5504-3 | ||
| 040 | |a CEDOC FIQ-RUSB / 532 V172 | ||
| 041 | |a spa | ||
| 082 | |a 532 V172 | ||
| 100 | 1 | |a Valiente Barderas, Antonio | |
| 245 | 1 | 0 | |a Problemas de Flujo De Fluido |
| 250 | |a 2a.ed | ||
| 260 | |a México |b Limusa |c 2000 | ||
| 300 | |a 733 p. :il | ||
| 650 | 7 | |a FLUJO - FLUIDOS - PROBLEMAS | |
| 650 | 7 | |b ESTATICA DE FLUIDOS | |
| 650 | 7 | |c DINAMICA DE FLUIDOS | |
| 650 | 7 | |d MEDIDORES DE FLUJOS | |
| 650 | 7 | |e BOMBAS Y VENTILADORES | |
| 942 | |c BK |2 ddc | ||
| 991 | |a TEXTO | ||
| 999 | |c 13436 | ||